Прямые связи и ценообразование

Detalles Bibliográficos
Autor principal: Алексеева М. А.
Autor Corporativo: Совет экономической взаимопомощи (СЭВ)
Sumario:Исключено из фонда НТБ ТПУ
Lenguaje:ruso
Publicado: Москва, Типография секретариата СЭВ, 1990
Formato: MixedMaterials Libro
KOHA link:https://koha.lib.tpu.ru/cgi-bin/koha/opac-detail.pl?biblionumber=246458

MARC

LEADER 00000nam0a2200000 4500
001 246458
005 20231031211522.0
035 |a (RuTPU)RU\TPU\book\267909 
090 |a 246458 
100 |a 20131204d1990 m y0rusy50 ca 
101 0 |a rus 
102 |a RU 
105 |a a z 000zy 
200 1 |a Прямые связи и ценообразование  |f М. А. Алексеева  |g Совет экономической взаимопомощи (СЭВ) 
210 |a Москва  |c Типография секретариата СЭВ  |d 1990 
215 |a 55 с.  |c ил. 
333 |a Исключено из фонда НТБ ТПУ 
700 1 |a Алексеева  |b М. А. 
712 0 2 |a Совет экономической взаимопомощи (СЭВ) 
801 1 |a RU  |b 63413507  |c 20131204 
801 2 |a RU  |b 63413507  |c 20220412  |g RCR 
942 |c BK